• 首页
  • 本馆介绍
  • 公告通知
  • 最新文献
  • 馆藏检索
  • 电子资源
  • 读者导购
  • 参考咨询
  • 我的图书馆
  • 登录
  • 详细信息显示
  • 放入我的书架
  • 预约/预借图书
  • 作者相关作品
  • 分类相关作品
  • 丛书相关作品
  • 出版社相关作品

书目信息

  • 表格格式
  • 工作单格式
  • 卡片格式
题名:
金属与金属的胶接
    
 
作者: 塞默德杰夫 著 ;陆宏钧 译
分册:  
出版信息: 北京   国防工业出版社  1975
页数: 182页
开本: 19cm
丛书名:
单 册:
中图分类: TG49
科图分类:
主题词: 胶接-金属 , 金属-胶接
电子资源:
ISBN:
000 00691nam0 2200241 45
001 0175002122
005 20051231162656.62
010    @dCNY0.49
100    @a19951014d1975 em y0chiy0121 ea
101 1  @achi@crus
102    @aCN@b110000
105    @ay z 000yy
200 10 @a金属与金属的胶接@Ajin shu yu jin shu de jiao jie@f(英)S·塞默德杰夫著@F(ying)S·sai mo de jie fu zhu@g陆宏钧译
210    @a北京@c国防工业出版社@d1975
215    @a182页@d19cm
606    @a胶接-金属
606    @a金属-胶接
690    @aTG49@v3
701  0 @a塞默德杰夫@Asai mo de jie fu@4著
702  0 @a陆宏钧@Alu hong jun@4译
801  2 @aCN@bNLC@c20051231
801  0 @aCN@bTSSF
905    @a10447@dTG49@e2
    
    金属与金属的胶接/(英)S·塞默德杰夫著/陆宏钧译.-北京:国防工业出版社,1975
    182页;19cm
    
    
    ISBN :CNY0.49
    
●
相关链接 在E读中查询图书 在五车中查询图书 在当当中查询图书 在豆瓣中查询图书


正题名:金属与金属的胶接     索取号:TG49/2         预约/预借

序号 登录号 条形码 馆藏地/架位号 状态 备注
1 0017855   202184518   密集书库/ [索取号:TG49/2] 在馆    
2 0018042   202184279   密集书库/ [索取号:TG49/2] 在馆    
唐山师范学院图书馆 欢迎您!
大连网信软件有限公司© 版权所有